Outsourcing v logistike
Logistika je popri účtovníctve, informačných technológiách a personálnych činnostiach najviac outsourcovanou oblasťou v podnikoch. Outsoucing logistiky má priamy vplyv na znižovanie logistických nákladov firmy, čo je hlavným, nie však jediným dôvodom, prečo firmy pristupujú k tomuto kroku. Hlavné ob...
Salvato in:
| Autore principale: | |
|---|---|
| Natura: | Capitolo di libro |
| Lingua: | slovacco |
| Soggetti: | |
| Tags: |
Nessun Tag, puoi essere il primo ad aggiungerne!!
|
MARC
| LEADER | 00000nla$a2200000$$$4500 | ||
|---|---|---|---|
| 001 | 0113725 | ||
| 005 | 20240502083301.2 | ||
| 041 | 0 | |a slo | |
| 044 | |a CZ | ||
| 245 | 1 | 0 | |a Outsourcing v logistike |c Lucia Badáňová |
| 520 | |a Logistika je popri účtovníctve, informačných technológiách a personálnych činnostiach najviac outsourcovanou oblasťou v podnikoch. Outsoucing logistiky má priamy vplyv na znižovanie logistických nákladov firmy, čo je hlavným, nie však jediným dôvodom, prečo firmy pristupujú k tomuto kroku. Hlavné oblasti outsourcingu logistiky. Dôvody a riziká využitia outsourcingu logistiky. | ||
| 610 | 2 | 0 | |a outsourcing |
| 610 | 2 | 0 | |a logistika |
| 100 | 1 | |a Badáňová, Lucia | |